Burza cenných papierov v Bratislave ročenka 2001

Uložené v:
Podrobná bibliografia
Médium: Kniha
Jazyk:Slovak
English
German
Vydavateľské údaje: Bratislava Burza cenných papierov v Bratislave [2002]
Predmet:
Tagy: Pridať tag
Žiadne tagy, Buďte prvý, kto otaguje tento záznam!

MARC

LEADER 00000nam a2200000 4500
001 c133745
005 20240410141022.6
020 |a 80-9681 36-4-1 
041 0 |a slo 
041 0 |a eng 
041 0 |a ger 
044 |a SK 
245 1 0 |a Burza cenných papierov v Bratislave  |b ročenka 2001 
264 1 |a Bratislava  |b Burza cenných papierov v Bratislave  |c [2002] 
300 |a 65 s. 
610 2 0 |a trh kapitálový 
610 2 0 |a burzy 
610 2 0 |a emitenti 
610 2 0 |a obchody burzové 
610 2 0 |a papiere cenné